000 02861nam a2200529 a 4500
001 77109
003 BD-RjUL
005 20211209082928.0
008 200225s2004 dcuab b f000 0 eng c
020 _a0160723043
035 _a(OCoLC)ocm55990872
037 _a041-015-00236-8
_bGPO
040 _aGPO
_cGPO
_dOCLCQ
_dYBM
_dDLC
_beng
041 _aeng
042 _apcc
043 _an-us---
082 0 0 _a973.931
_222
_bNIN 2004
110 2 _aNational Commission on Terrorist Attacks upon the United States.
_9239776
245 1 4 _aThe 9/11 Commission report :
_bfinal report of the National Commission on Terrorist Attacks upon the United States /
_c[Thomas H. Kean, chair, Lee H. Hamilton, vice chair].
246 3 _aNine/Eleven Commission report
246 3 0 _aFinal report of the National Commission on Terrorist Attacks upon the United States
250 _aOfficial government ed.
260 _aWashington, DC :
_bNational Commission on Terrorist Attacks upon the United States :
_bFor sale by the Supt. of Docs., U.S. G.P.O.,
_c[2004]
300 _axviii, 567 p. :
_bill., maps ;
_c24 cm.
500 _aShipping list no.: 2004-0223-P.
504 _aIncludes bibliographical references (p. 449-567).
505 0 _a"We have some planes" -- The foundation of the new terrorism -- Counterterrorism evolves -- Responses to Al Qaeda's initial assaults -- Al Qaeda aims at the American homeland -- From threat to threat -- The attack looms -- "The system was blinking red" -- Heroism and horror -- Wartime -- Foresight--and hindsight -- What to do? A global strategy -- How to do it? A different way of organizing the government.
610 2 0 _aQaida (Organization)
_9239815
650 0 _aSeptember 11 Terrorist Attacks, 2001.
_9239778
650 0 _aTerrorism
_xGovernment policy
_zUnited States.
_9239779
650 0 _aTerrorism
_zUnited States
_xPrevention.
_9239780
650 0 _aIntelligence service
_zUnited States
_xEvaluation.
_9239781
650 0 _aNational security
_zUnited States.
_9239782
650 0 _aWar on Terrorism, 2001-2009.
_9239783
700 1 _aKean, Thomas H.
_9239816
700 1 _aHamilton, Lee.
_9239817
856 4 1 _uhttp://purl.access.gpo.gov/GPO/LPS51934
856 4 2 _3Contributor biographical information
_uhttp://www.loc.gov/catdir/enhancements/fy0621/2004356401-b.html
856 4 2 _3Publisher description
_uhttp://www.loc.gov/catdir/enhancements/fy0621/2004356401-d.html
856 4 1 _3Table of contents only
_uhttp://www.loc.gov/catdir/enhancements/fy0621/2004356401-t.html
942 _2ddc
_cBK
999 _c77109
_d77109